Romania Country Quiz - Statistics

General Stats
  • This quiz has been taken 2,094 times
    1,563 since last reset
  • The average score is 19 of 26
Answer Stats
Hint Answer % Correct
Capital of Romania Bucharest
100%
Official language Romanian
96%
South neighbor Bulgaria
91%
East neighbour Moldova Republic
90%
North neighbour Ukraine
90%
Time Zone +2 GMT
88%
Sea of Romania Black Sea
88%
West neighbour Hungary
88%
South-West neighbour Serbia
88%
How many colors are on the flag 3
87%
Longest river Danube
84%
National Car Dacia
81%
Join Eu in 1 january 2007
80%
Best gymnast Nadia Comaneci
76%
Currency Ron
76%
Best football player Gheorghe Hagi
73%
Best tennis woman player Simona Halep
72%
Telephone area code +40
68%
President of Romania Klaus Iohannis
66%
Count the counties 41
56%
First eastern team to win Champions Cup Steaua Bucuresti
55%
Highest mountain Moldoveanu
54%
Biggest stadium National Arena
48%
Best tennis man player Ilie Nastase
38%
The larrgest building in Europe The House of Parliament
35%
First and only romanian astronaut Dumitru Prunariu
25%
No matching quizzes found
Score Distribution
Percent of People with Each Score
Percentile by Number Answered
Your Score History
You have not taken this quiz since the last reset